Fundamentals of electromagnetic field theory / (Record no. 9360)

MARC details
000 -LEADER
fixed length control field 01180nac a22002891i 4500
003 - CONTROL NUMBER IDENTIFIER
control field EG-ScBUE
005 - DATE AND TIME OF LATEST TRANSACTION
control field 20250526090745.0
008 - FIXED-LENGTH DATA ELEMENTS--GENERAL INFORMATION
fixed length control field 250410t1974 enka f b 001 0 eng d
020 ## - INTERNATIONAL STANDARD BOOK NUMBER
International Standard Book Number 0245520236
040 ## - CATALOGING SOURCE
Original cataloging agency EG-ScBUE
Language of cataloging eng
Description conventions rda
Transcribing agency EG-ScBUE
Modifying agency EG-ScBUE
082 04 - DEWEY DECIMAL CLASSIFICATION NUMBER
Classification number 530.141
Item number ZAK
Edition number 22
100 1# - MAIN ENTRY--PERSONAL NAME
Personal name Zaky, A. A.,
Relator term author.
245 10 - TITLE STATEMENT
Title Fundamentals of electromagnetic field theory /
Statement of responsibility, etc A. A. Zaky, B.Sc., M.S., Ph.D., M.Inst.P., C.Eng., M.I.E.E., professor of electrical engineering, Alexandria, Egypt and R. Hawley, B.Sc., Ph.D., F.Inst.P., C.Eng., F.I.E.E., director and chief electrical engineering, C.A. parsons & Co. Ltd, Newcastle upon Tyne.
250 ## - EDITION STATEMENT
Edition statement First edition.
264 #1 - PUBLICATION, DISTRIBUTION, ETC. (IMPRINT)
Place of publication, distribution, etc London :
Name of publisher, distributor, etc Harrap,
Date of publication, distribution, etc 1974.
300 ## - PHYSICAL DESCRIPTION
Extent xv, 484 pages :
Other physical details illustrations ;
Dimensions 23 cm.
336 ## - CONTENT TYPE
Source rdacontent
Content type term text
Content type code txt
337 ## - MEDIA TYPE
Media type term unmediated
Source rdamedia
Media type code n
338 ## - CARRIER TYPE
Carrier type term volume
Carrier type code nc
Source rdacarrier
490 0# - SERIES STATEMENT
Series statement Engineering science monographs
500 ## - GENERAL NOTE
General note Includes Appendices.<br/>
504 ## - BIBLIOGRAPHY, ETC. NOTE
Bibliography, etc Includes bibliographical references and index.<br/>
650 #7 - SUBJECT ADDED ENTRY--TOPICAL TERM
Topical term or geographic name as entry element Electromagnetic fields.
Source of heading or term BUEsh
655 ## - INDEX TERM--GENRE/FORM
Form subdivision Reading book
700 1# - ADDED ENTRY--PERSONAL NAME
Personal name Hawley, R.
Fuller form of name (Robert),
Relator term author.
942 ## - ADDED ENTRY ELEMENTS (KOHA)
Koha item type Book - Borrowing
Source of classification or shelving scheme Dewey Decimal Classification
Holdings
Withdrawn status Lost status Source of classification or shelving scheme Damaged status Not for loan Collection code Home library Current library Shelving location Date acquired Source of acquisition Total Checkouts Full call number Barcode Date last seen Cost, replacement price Price effective from Koha item type
    Dewey Decimal Classification     Alahram Central Library Central Library First floor 05/05/2008 Purchase   530.141ZAK 000011257 15/07/2025 18.50 05/05/2008 Book - Borrowing